| 000 | 00461nam a22001697a 4500 | ||
|---|---|---|---|
| 003 | CEME | ||
| 005 | 20210628203535.0 | ||
| 008 | 210119b xxu||||| |||| 00| 0 eng d | ||
| 040 | _c. | ||
| 082 | _a297.63 HAZ | ||
| 100 |
_aMuhammad Abdul Khaliq Towakalee _966127 |
||
| 245 | _aHazrat muhammad peace be upon him | ||
| 260 |
_aLAHORE _bZAVIYA _c2006 |
||
| 300 | _a517P | ||
| 650 |
_aISLAM-BIOGRAPHY-HAZRAT MUHAMMAD PEACE BE UPON HIM _966128 |
||
| 942 |
_cBK _2ddc |
||
| 999 |
_c574148 _d574148 |
||